| 000 | 00634nam a22001937a 4500 | ||
|---|---|---|---|
| 003 | 0 | ||
| 005 | 20251009151559.0 | ||
| 008 | 251009b xxu||||| |||| 00| 0 eng d | ||
| 020 | _a978-1-03-211471-2 | ||
| 050 |
_aHM 736 _b.G76 2024 |
||
| 245 |
_aGroup communication : _ban advanced introduction / _cedited by Torsten Reimer, Ernest S. Park, and Joseph A. Bonito. |
||
| 260 |
_aNew York, NY : _bRoutledge, _c2024. |
||
| 300 |
_axv, 371 pages ; _c26 cm. |
||
| 504 | _aIncludes bibliographical references and index. | ||
| 650 | _aCommunication in small groups. | ||
| 650 | _aSmall groups. | ||
| 650 | _aManagement. | ||
| 942 |
_2lcc _cBK |
||
| 999 |
_c368211 _d368211 |
||